000 00893nam a22002417a 4500
005 20240905143546.0
010 _aENG-141673
020 _a9789352878413
_c2695.00
035 _aEN-125205
037 _bDBAD
082 _a409.54
_21
245 _aPeople's linguistic survey of India:
_bThe Language of West Bengal/
_cEdited by G.N. Devy; Sankar Prasad Singha [and] Indranil Acharya
250 _a1
260 _aTelengana
_bOrient BlackSwan Private Limited
_c2019
270 _a3-6-752, HimayatNagar, Hyderabad
_bTelengana
_e500029
_mcentraloffice@orientblackswan.com
300 _axlvii,555p.)
_bindex
_c25cm.(Hb)
490 _aPart 2
_vVol 31
500 _aIncludes references and Index
700 _aDevy, G.N.
_eEditor
_971141
700 _aSingha, Sankar Prasad
_eEditor
_971142
700 _aAcharya, Indranil
_eEditor
_971143
942 _2ddc
_cEN
_mPEO
_h409.54
_e1
999 _c205606
_d205606